Every Official World Cup Artist - Statistics

General Stats
  • This quiz has been taken 4 times
  • The average score is 3 of 21
Answer Stats
World Cup Song Artist % Correct
2010 Waka Waka Shakira
100%
2026 Dai Dai Shakira
100%
2014 We Are One Pitbull
75%
Jennifer Lopez
25%
AISHA
0%
2002 Boom Anastacia
0%
Burna Boy
0%
Claudia Leitte
0%
1994 Gloryland Daryl Hall
0%
Davido
0%
1990 Un’estate Italiana Edoardo Bennato
0%
Era Istrefi
0%
Freshlyground
0%
Gianna Nannini
0%
2006 The Time of Our Lives Il Divo
0%
2018 Live It Up Nicky Jam
0%
1998 The Cup of Life Ricky Martin
0%
Sounds of Blackness
0%
Toni Braxton
0%
2022 Hayya Hayya Trinidad Cardona
0%
Will Smith
0%
No matching quizzes found
Score Distribution
Percent of People with Each Score
Percentile by Number Answered
Your Score History
You have not taken this quiz